Sugar beet and sugar situation and outlook report

Bibliographic Details
Main Author: Valentovičová, Oľga (Author)
Format: Book
Language:English
PhysicalDescription:12 s. Tab. 30 cm
Published: Bratislava Research Institute of Agricultural and Food Economics 1996
ISBN:8088731275
Subjects:

MARC

LEADER 00000nam a2200000 a 4500
001 vtls001221252
003 SK-MaSNL
005 20260301194856.0
008 240318s1996 xo p r y 0 eng
015 |a SNBA1996/1203395 
020 |a 8088731275 
035 |a SNK000166385 
040 |a SNK  |b slo  |c SNK  |e AACR2 
041 0 |a eng 
044 |a xo  |c SK 
080 |a 664.12(047.3)=20  |2 1981 
080 |a 633.63(047.3)=20  |2 1981 
100 1 |a Valentovičová, Oľga  |4 aut  |9 11607 
245 1 0 |a Sugar beet and sugar  |b situation and outlook report  |c author: Oľga Valentovičová 
260 |a Bratislava  |b Research Institute of Agricultural and Food Economics  |c 1996 
300 |a 12 s.  |b Tab.  |c 30 cm 
650 0 7 |a cukor  |x správy  |2 SNK  |9 576076 
650 0 7 |a repa cukrová  |x správy výskumné  |2 SNK  |9 576077 
655 7 |a výskumné správy  |2 SNK  |9 70491 
919 |a 80-88731-27-5 
958 |a TL 
999 |c 883404  |d 885334 
952 |t P60, <09>, [BOOK], {629}  |a SNK  |b SNK  |y NEVYP  |7 0  |o snkB 1002  |i snk3501/961016  |0 0  |1 0  |4 0  |d 1996-10-04  |l 0  |r 2005-01-01 00:00:00  |w 2026-02-24 
952 |t P60, <03>, [BOOK], {603}  |a SNK  |b SNK  |y PREZ  |7 0  |p 17A0013221  |o snkOSB 11100  |i snkKSP 8248/96  |0 0  |1 0  |4 0  |d 1996-10-04  |l 0  |r 2005-01-01 00:00:00  |w 2026-02-24 
952 |t P60, <04>, [BOOK], {604}  |a SNK  |b SNK  |y VYP  |7 0  |p 17A0036934  |o snkOSB 11100 D1  |i snkKSP 1478/97  |0 0  |1 0  |4 0  |d 1997-02-24  |l 0  |r 2005-01-01 00:00:00  |w 2026-02-24